NBA team quizzes LA Clippers - Statistics

General Stats
  • This quiz has been taken 39 times
  • The average score is 9 of 12
Answer Stats
Hint Answer % Correct
how many rings do they have 0
100%
when was their most recent ring (say never if they didn't get one) never
97%
how many jerseys have they retired (+Chris Paul, Deandre Jordan and Blake Griffin) 3
95%
what number did Chris Paul wear for the clippers 3
92%
assists leader Chris Paul
89%
rebounds leader DeAndre Jordan
84%
what was their most recent jersey retirement (say none if they haven't retired any) none
78%
blocks leader DeAndre Jordan
76%
what number did Blake Griffin wear for the clippers 32
70%
what number did Deandre Jordan wear for the clippers 6
57%
scoring leader Randy Smith
27%
steals leader Randy Smith
19%
No matching quizzes found
Score Distribution
Percent of People with Each Score
Percentile by Number Answered
Your Score History
You have not taken this quiz